000 00524nam a22002057a 4500
003 OSt
005 20140310182826.0
008 130529t xxu||||| |||| 00| 0 eng d
020 _a0679420398
050 _aPR 6029
_b.Or79 1996
082 _aM 823.912
_bOr9 1996
245 _aAnimal farm /
_cOrwell, George
260 _aNew York :
_bA Signet Classic,
_c1996
300 _axxiii, 140 p. :
_c18 cm.
521 _acollege students
526 _c1210L-1700L
541 _j1
562 _e1
942 _2lcc
_cBK
_kM
999 _c16513
_d16513